[Event "1st Gujarat GM Open 2018"]
[Site "Ahmedabad"]
[Date "2018.10.11"]
[Round "9"]
[White "Kunal, M.."]
[Black "Arpan, Das"]
[Result "1-0"]
[WhiteElo "2270"]
[BlackElo "2164"]
[Annotator "TA"]
[PlyCount "71"]
[EventDate "2018.10.05"]
[EventType "swiss"]
[EventCountry "IND"]
[SourceTitle "playchess.com"]
[Source "ChessBase"]
[SourceQuality "1"]

{[%evp 9,71,0,16,8,20,21,43,38,62,62,82,37,48,37,37,19,19,11,17,12,16,16,13,0,3,-33,-46,-43,0,0,0,-18,0,-11,-24,-40,46,37,52,0,107,99,100,93,196,270,521,504,968,993,1007,977,2176,885,5845,29956,29985,2344,1405,1046,972,895,29996,29988]} 1. e4 c5 2. Nf3 e6 3. g3 Nc6 4. Bg2 Nf6 5. Qe2 (5. d3 d6 6. O-O Be7 7. c3 O-O 8. Nbd2 {½-½ (8) Morozevich,A (2656)-Chigaev,M (2593) Cheliabinsk 2018}) 5... d6 6. O-O {B40: Sicilian: 2...e6, Unusual lines} e5 7. c3 g6 8. Rd1 {White is slightly better.} Bg7 9. d4 Qe7 10. dxc5 $146 ({Predecessor:} 10. d5 Nb8 11. b4 cxb4 12. cxb4 O-O {0-1 (50) Dzhangobegov,V (2315)-Murtazin,R (2050) Kazan 2016}) 10... dxc5 11. Na3 O-O 12. Nc4 b6 13. Ne3 Na5 {[%cal Bc6a5,Ba5b7,Bb7d6][%mdl 32]} 14. Nd5 Nxd5 15. exd5 Nb7 16. a4 Nd6 17. Nd2 f5 18. a5 {[#] Threatens to win with axb6.} Bb7 19. a6 $36 {[%mdl 2048] White fights for an advantage.} Bc8 20. Nc4 Bd7 21. Nxd6 Qxd6 22. b4 Rfe8 (22... cxb4 $15 23. cxb4 e4) 23. bxc5 $14 bxc5 24. Qc4 ({White should try} 24. Be3 $14) 24... Bf8 (24... Rab8 $11 {keeps the balance.}) 25. Be3 $16 Rab8 26. Rdb1 Kh8 (26... Rxb1+ $16 27. Rxb1 Bc8) 27. Rb7 $18 Rxb7 $2 (27... Ra8 28. Ra5 (28. Qh4 Be7 $18) 28... Rec8) 28. axb7 Rb8 (28... Qb6 $142 29. d6 Qb2) 29. Ra6 Qc7 30. d6 $1 {[%cal Rd6c7]} Bxd6 31. Qd5 (31. Bg5 $142 Rf8 32. Qd5) 31... Be7 32. Bh6 Be8 33. Rxa7 (33. Qe6 $142 Rd8 34. Rxa7 Qd6 {[#]} 35. Bg7+ $1 {[%mdl 512]} Kxg7 36. Qxd6 Rxd6 37. b8=Q Bd7 38. Bf1) 33... Qd6 34. Qxd6 Bxd6 35. Bd5 Rd8 36. Bg5 {Precision: White = 49%, Black = 27%.} 1-0

[Event "1st Gujarat GM Open 2018"]
[Site "Ahmedabad"]
[Date "2018.10.11"]
[Round "9"]
[White "Deshmukh, Anup"]
[Black "Neelotpal, Das"]
[Result "0-1"]
[WhiteElo "2267"]
[BlackElo "2436"]
[Annotator "TA"]
[PlyCount "82"]
[EventDate "2018.10.05"]
[EventType "swiss"]
[EventCountry "IND"]
[SourceTitle "playchess.com"]
[Source "ChessBase"]
[SourceQuality "1"]

{[%evp 9,82,8,8,8,27,0,4,-16,0,2,12,4,10,9,9,0,3,12,45,6,11,-2,-2,-28,-11,-46,-28,-37,0,-37,-24,-33,-31,-28,-31,-17,0,0,-6,-21,-13,-23,-16,-101,-100,-252,-247,-337,-342,-321,-222,-235,-205,-206,-225,-366,-351,-364,-360,-439,-347,-501,-504,-493,-445,-439,-407,-550,-538,-540,-540,-532,-524,-654,-656]} 1. c4 e5 2. g3 Nc6 (2... Nf6 3. Bg2 Bc5 4. Nc3 O-O 5. e3 Re8 6. Nge2 d6 7. O-O c6 8. b3 Bb6 9. Ba3 Bf5 10. d4 e4 11. h3 h6 12. g4 Bh7 13. Ng3 d5 14. h4 {1-0 (38) Mamedyarov,S (2801)-Anand,V (2768) Saint Louis 2018}) 3. a3 f5 4. Bg2 Nf6 5. b4 g6 $146 ({Predecessor:} 5... d6 6. f4 g6 7. b5 Nb8 8. fxe5 dxe5 9. Bb2 Nbd7 10. Nh3 Qe7 11. Nc3 Bg7 {1-0 (34) Savchenko,B (2540)-Vlasenko,M (2400) St Petersburg 2012}) 6. Bb2 {A20: English Opening: 1...e5} d6 7. b5 Ne7 8. f4 {The position is equal.} Bg7 9. fxe5 Nd7 10. exd6 Bxb2 11. dxe7 Qxe7 12. Ra2 Bg7 13. Nh3 Ne5 14. Nf4 O-O 15. Qb3 Kh8 16. Rc2 c6 17. h4 Bd7 {[%cal Bc8d7,Bd7e8,Be8f7][%mdl 1056] Black has compensation.} 18. Nc3 Be8 19. Nd1 Bf7 20. Ne3 Rfd8 21. Qb4 Qf6 22. O-O Bf8 23. c5 Rd4 24. Qa5 ({Much worse is} 24. Qxd4 Nf3+ 25. Bxf3 Qxd4 $17) 24... Rad8 25. bxc6 Nxc6 26. Qc3 (26. Bxc6 $11 {remains equal.} bxc6 27. Rb1) 26... Bg7 $36 {[%mdl 2048] Threatens to win with ...Qe7. Black is really pushing.} 27. Rb2 $2 {[#]} (27. Bxc6 $17 Qxc6 28. Qa5) 27... Qe7 $1 $19 28. Bxc6 bxc6 29. Nfg2 R4d7 30. Qc1 Bxb2 31. Qxb2+ Kg8 32. Qc3 (32. d3 $142) 32... Rxd2 33. Nf4 Qe4 34. Nh5 {[%csl Gh5][%cal Rc3g7]} Qd4 35. Nf6+ (35. Qxd4 $142 R8xd4 36. Nf4) 35... Kh8 36. Qxd4 R2xd4 37. g4 Kg7 38. Nh5+ gxh5 {Black is clearly winning.} 39. Nxf5+ {[#]} Kf8 $1 40. Nxd4 Rxd4 41. g5 Rg4+ {Precision: White = 34%, Black = 65%.} 0-1

[Event "1st Gujarat GM Open 2018"]
[Site "Ahmedabad"]
[Date "2018.10.11"]
[Round "9"]
[White "Srija, Seshadri"]
[Black "Gukesh D"]
[Result "0-1"]
[WhiteElo "2246"]
[BlackElo "2456"]
[Annotator "TA"]
[PlyCount "74"]
[EventDate "2018.10.05"]
[EventType "swiss"]
[EventCountry "IND"]
[SourceTitle "playchess.com"]
[Source "ChessBase"]
[SourceQuality "1"]

{[%evp 9,74,9,12,15,67,66,59,64,70,63,165,160,165,169,143,77,76,77,66,0,106,115,89,127,126,-41,-22,-81,-94,-205,-192,-440,-418,-377,-349,-1602,-1527,-1919,-1845,-2078,-1497,-1489,-1384,-1227,-992,-982,-975,-920,-793,-2214,-1931,-1824,-1105,-1070,-1055,-1220,-764,-677,-852,-805,-783,-897,-892,-1588,-1129,-1498,-934]} 1. e4 c6 2. d4 d5 3. e5 Bf5 4. Be3 e6 5. Nd2 Ne7 6. f4 {B12: Caro-Kann: Advance Variation} c5 (6... Qb6 $11) (6... Nd7 7. Ngf3 Qb6 8. Nb3 a5 9. a4 f6 10. Be2 Ng6 11. O-O Be7 12. c4 fxe5 13. c5 {1-0 (68) Zvjaginsev,V (2633)-Turov,M (2600) Yaroslavl 2018}) 7. dxc5 $146 ({Predecessor:} 7. Ngf3 Nec6 8. dxc5 Qa5 9. a3 Bxc5 10. b4 Nxb4 11. axb4 Qxb4 12. Rb1 Qc3 13. Rb3 Qxc2 14. Qxc2 Bxc2 15. Bxc5 Bxb3 16. Nxb3 {1-0 (33) Zakurdjaeva,I (2288)-Darwish,M (2120) Dubai 2009}) 7... d4 8. Bf2 {White is slightly better.} Nd5 9. Nb3 $1 Nxf4 ({Black should try} 9... Bxc5 $14 10. Nxc5 (10. Bb5+ Nc6 $11) 10... Qa5+ 11. c3 Qxc5) 10. Bb5+ $18 Nc6 11. Qf3 Nd5 12. Nxd4 (12. Ne2 $142 d3 13. Ned4 (13. cxd3 Bg6 $16)) 12... Qa5+ $16 13. c3 {Strongly threatening b4.} Bxc5 14. Nxf5 (14. b4 $14 Bxb4 15. cxb4 Ndxb4 16. Kf1 (16. Bxc6+ Nxc6+ 17. Kf1 Nxe5 $11) (16. Nxf5 Nd5+ 17. Kd1 exf5 $11)) 14... Bxf2+ (14... Qxb5 $11 {keeps the balance.} 15. Nxg7+ Ke7 16. Bh4+ Kd7 17. Qxf7+ Kc8) 15. Kxf2 O-O 16. Bxc6 $1 bxc6 17. Nd6 $2 (17. Ne3 $16) 17... f6 $1 $15 {[%cal Rf6e5]} 18. Qg4 (18. Qe2 $11 fxe5+ 19. Kg3) 18... fxe5+ $17 19. Ke1 (19. Kg3 $17 Rf6 20. Nf3) 19... Qc5 $19 (19... Rf1+ 20. Kd2 $11) 20. Ne4 $2 (20. Qxe6+ Kh8 21. Nf7+ Rxf7 22. Qxf7) 20... Qb6 21. Ne2 Qxb2 22. Rd1 $2 ({But not} 22. Qxe6+ $2 Kh8 $19) (22. Rc1 Rad8 23. Rd1 (23. Qxe6+ $2 Kh8 $19)) 22... Ne3 {Black is clearly winning.} 23. Qxe6+ Kh8 {[%cal Re3g2] [#]} 24. Rd7 Qb1+ 25. Kd2 Qxe4 26. Qe7 Nf5 27. Qb4 Qe3+ 28. Ke1 Rfb8 29. Qa4 Rb1+ 30. Rd1 Rab8 {( -> ...R8b2)} 31. Qc2 Rxd1+ ({Don't go for} 31... R1b2 $2 {[#]} 32. Qxb2 $1 {[%mdl 512]} Rg8 33. Qb4 $18) 32. Kxd1 Rd8+ 33. Ke1 Nh4 34. Rg1 h6 35. a3 Rf8 36. Qa4 Rf2 {[%csl Gf2][%cal Re3e2]} 37. Qc4 Rxe2+ {Precision: White = 26%, Black = 77%.} 0-1

[Event "1st Gujarat GM Open 2018"]
[Site "Ahmedabad"]
[Date "2018.10.11"]
[Round "9"]
[White "Bhambure, Shantanu"]
[Black "Sai Agni Jeevitesh, J."]
[Result "1/2-1/2"]
[WhiteElo "2243"]
[BlackElo "2362"]
[Annotator "TA"]
[PlyCount "67"]
[EventDate "2018.10.05"]
[EventType "swiss"]
[EventCountry "IND"]
[SourceTitle "playchess.com"]
[Source "ChessBase"]
[SourceQuality "1"]

{[%evp 19,67,0,0,0,0,0,0,0,31,22,27,29,37,24,37,30,41,18,123,106,126,60,71,60,54,40,48,45,48,49,49,49,60,53,58,36,87,31,119,87,106,103,116,113,98,0,114,0,90,0]} 1. d4 Nf6 2. c4 e6 3. Nf3 d5 4. e3 b6 5. Nbd2 Bd6 6. Bd3 Bb7 7. b3 Nbd7 8. Bb2 O-O 9. O-O Ne4 10. Qc2 f5 11. cxd5 {E14: Queen's Indian: Classical Variation (4 e3)} exd5 12. Ne5 Qe7 13. f4 {The position is equal.} c5 $146 ({Predecessor:} 13... Rac8 14. Ndf3 c5 15. Qe2 Rc7 16. Rfd1 cxd4 17. Nxd7 Qxd7 18. Bxe4 fxe4 19. Nxd4 {1-0 (59) Indjic,A (2587)-Zawadzka,J (2419) Minsk 2017}) 14. Nxe4 fxe4 15. Bb5 Nf6 16. dxc5 Bxc5 17. Qd2 Rac8 18. Rac1 Ba3 (18... a6 $11 {remains equal.} 19. Be2 b5) 19. Bxa3 $16 Qxa3 20. Nd7 (20. g4 $16) 20... Rfd8 $14 21. Nxf6+ gxf6 22. Rfd1 Rc5 23. Rxc5 Qxc5 24. Be2 Rc8 25. Bg4 Rc7 26. Be6+ Kf8 27. Qe1 a5 (27... Qc3 $14) 28. f5 (28. h3 $16) 28... Qd6 ({Black should play} 28... Qc2 $14) 29. Qh4 Qe5 30. Qh6+ Ke8 31. Qh5+ Kf8 32. Qh6+ Ke8 33. Qh5+ Kf8 $1 34. Qh6+ {Precision: White = 46%, Black = 35%.} ({White should try} 34. Qh3 $16) 1/2-1/2

[Event "1st Gujarat GM Open 2018"]
[Site "Ahmedabad"]
[Date "2018.10.11"]
[Round "9"]
[White "Kumar, Gaurav"]
[Black "Rakesh Kumar Jena"]
[Result "0-1"]
[WhiteElo "2236"]
[BlackElo "2388"]
[Annotator "TA"]
[PlyCount "124"]
[EventDate "2018.10.05"]
[EventType "swiss"]
[EventCountry "IND"]
[SourceTitle "playchess.com"]
[Source "ChessBase"]
[SourceQuality "1"]

{[%evp 11,124,20,46,27,41,27,54,39,44,45,44,41,46,41,43,40,57,53,54,31,47,10,49,0,52,14,13,0,7,0,64,66,41,48,64,58,58,64,95,100,133,129,211,211,214,205,235,216,201,148,130,20,183,178,375,129,129,126,126,106,123,110,156,146,119,87,80,0,0,0,0,0,0,-196,-187,-187,-196,-186,-193,-191,-162,-187,-164,-6485,-6485,-6187,-2700,-12848,-6460,-29941,-29938,-29941,-12809,-29944,-29943,-11775,-6448,-11131,-6460,-6448,-6087,-5443,-5197,-29970,-29973,-29939,-12822,-29974,-29976,-29976,-29979,-29986,-29987,-29985,-29986]} 1. e4 {[%cal Be2e4,Be4e5][%mdl 32]} d6 2. d4 g6 3. Bc4 Bg7 4. Nf3 Nf6 5. Qe2 O-O 6. e5 Ne8 {LiveBook: 35 Games. B06: Modern Defence} (6... dxe5 7. dxe5 Nd5 8. h3 Nb6 9. Bb3 c5 10. O-O Nc6 11. e6 Bxe6 12. Bxe6 fxe6 13. Qxe6+ Kh8 14. c3 Qd5 15. Qxd5 Nxd5 16. Nbd2 Nf4 17. Ne4 Nd3 18. Rb1 {½-½ (96) Short,N (2678)-Adhiban,B (2655) Riadh 2017}) 7. c3 Nc6 8. h3 $146 ({Predecessor:} 8. O-O d5 9. Bb3 h6 10. h3 Be6 11. Na3 a6 12. Nc2 Qd7 13. a4 Kh7 14. Nce1 {1-0 (53) Paszewski,M (2307)-Ruotanen,H (1911) Katowice 2017}) 8... d5 {White has an edge.} 9. Bd3 f6 10. O-O fxe5 11. Nxe5 Nxe5 12. dxe5 c5 13. c4 e6 14. Nc3 Nc7 15. Bd2 b6 16. Rae1 Bb7 17. Kh2 Qd7 (17... Ba6 $11) 18. h4 dxc4 19. Bxc4 Rad8 20. Bc1 Qc6 (20... Bd5 $11) 21. f4 $1 $14 Rd4 {aiming for ...Rxc4!} 22. b3 a6 {Hoping for ...b5.} 23. a4 Bh6 {[%cal Rf8f4]} 24. g3 Rf5 25. Rf2 Bg7 26. Bd3 Rf8 (26... Nd5 $16 27. Nxd5 Qxd5) 27. Be4 $18 Nd5 {[#]} 28. Nxd5 $1 exd5 29. Bg2 Qe6 30. Bh3 Qe7 31. Bb2 (31. Qc2 $16) 31... Rb4 $2 (31... Re4 $11 32. Qf1 Rxe1 33. Qxe1 a5) 32. Qd1 Rd8 $2 (32... Bh6) 33. Bc3 $2 (33. f5 $18 {and the rest is easy.} gxf5 34. Bxf5 Rxh4+ 35. gxh4 Qxh4+ 36. Kg2 d4+ 37. Kf1) 33... Re4 $16 {[#]} 34. Rxe4 $1 dxe4 {[%cal Bd5e4,Be4e3][%mdl 32]} 35. Rd2 Rxd2+ 36. Qxd2 b5 37. axb5 axb5 38. Ba5 Bf8 39. Bd8 (39. Qd7 $16) 39... e3 $1 $11 {[%cal Re3d2]} 40. Qd3 Qe8 41. Bd7 $1 {[%cal Rd7e8]} Be4 42. Qxb5 $2 (42. Bxe8 $2 {is the wrong capture.} Bxd3 43. Kg2 c4 $19) (42. Qxe4 $11 {and White is okay.} Qxd7 43. Bf6) 42... Qxd8 $19 43. Qc4+ Kg7 44. Qxe4 {Bb5 is the strong threat.} Qxd7 45. Qxe3 Qd5 46. Qc3 Be7 47. Kg1 $2 (47. Qc2) 47... Qd4+ 48. Qxd4 cxd4 {[%mdl 4096] Endgame KB-KP} 49. Kf2 h5 50. Kf3 Kf7 51. Ke4 Bc5 52. Kd3 Ke6 53. Kc4 Kf5 54. b4 Bb6 55. Kd3 Ke6 56. Kc4 Ba7 57. b5 Bb6 58. Kd3 Kd5 (58... Bc5 $142 59. Kc2 Ba7 60. Kb3 Kd5 61. Ka3 d3 62. Kb3 Bd4 63. b6 Bxb6 64. Kc3 Bf2 65. Kxd3 Bxg3 66. Ke3 Bxh4 67. Kf3 Bd8 68. Ke3 Ke6 69. Kf2 h4 70. Ke2 h3 71. Kf2 Bh4+ 72. Kg1 Bg3 73. Kf1 Bxf4 74. Kf2 g5 75. Kf3 Kxe5 76. Ke2 h2 77. Kd3 h1=Q 78. Kc4 Qc6+ 79. Kb4 g4 80. Ka3 Qb5 81. Ka2 Bc1 82. Ka1 Qb2#) 59. Kd2 Kc5 {Black mates.} 60. Kd3 Kxb5 61. Ke4 Kc4 62. e6 Bc5 {Precision: White = 40%, Black = 44%.} 0-1

[Event "1st Gujarat GM Open 2018"]
[Site "Ahmedabad"]
[Date "2018.10.11"]
[Round "9"]
[White "Moksh Amit Doshi"]
[Black "Karthik Sai Ch"]
[Result "1/2-1/2"]
[WhiteElo "2224"]
[BlackElo "2059"]
[Annotator "TA"]
[PlyCount "86"]
[EventDate "2018.10.05"]
[EventType "swiss"]
[EventCountry "IND"]
[SourceTitle "playchess.com"]
[Source "ChessBase"]
[SourceQuality "1"]

{[%evp 19,86,36,36,36,34,36,36,29,33,41,39,34,40,36,53,46,43,43,43,43,43,44,60,56,53,45,56,0,13,13,13,13,39,37,31,35,39,30,30,30,35,35,52,16,52,36,55,43,74,74,89,74,191,185,201,149,237,228,189,192,191,154,172,111,541,540,502,502,420]} 1. d4 d5 2. c4 c6 3. Nf3 Nf6 4. Nc3 a6 5. e3 Bf5 6. Ne5 {D15: Slav Defence: 4 Nc3 a6 and gambit lines after 4 Nc3 dxc4} (6. Qb3 b5 7. c5 a5 8. Be2 g6 9. O-O Bg7 10. Bd2 O-O 11. a3 Nbd7 12. Rfc1 Ne4 13. Qd1 Nxd2 14. Qxd2 {½-½ (56) Mamedyarov,S (2799)-Andreikin,D (2712) Huaian 2017}) 6... Nbd7 7. Qb3 Qc7 8. cxd5 Nxe5 9. dxe5 Nxd5 10. Nxd5 cxd5 {LiveBook: 47 Games} 11. Bd2 Qd7 12. Rc1 e6 13. Be2 Be7 {[#]} 14. Ba5 $146 Rc8 15. Rxc8+ $1 Qxc8 16. Kd2 {[#] Strongly threatening Rc1.} Qc5 17. Bc3 Qc7 18. Rc1 O-O 19. Bd4 Qd7 20. Qc3 Bd8 21. b3 f6 22. Kd1 Bg6 23. Qc8 (23. f4 $14) 23... Qxc8 24. Rxc8 fxe5 25. Bxe5 Bb6 26. Bg4 Bf5 27. Bxf5 exf5 $14 {[%mdl 4096] Endgame KRB-KRB} 28. Rc3 Kf7 29. Ke2 Re8 30. f4 g6 31. Kd3 Re7 32. b4 {[%cal Bb3b4,Bb4b5,Bb5b6][%mdl 32]} g5 33. g3 {[%cal Bg2g3,Bg3f4][%mdl 32]} gxf4 34. gxf4 Rd7 35. a4 a5 {[#]} (35... Bd8 $16) 36. b5 $1 $18 Ke7 37. Rc2 Kf8 (37... Ke6 $16 38. Rg2 Bc5) 38. Rc8+ Kf7 39. Bd4 Bd8 40. b6 Ke6 41. Bc5 (41. Ra8 $18) 41... Kf7 $2 {[%mdl 8192]} (41... Be7 $16 {is a better chance.}) 42. Ra8 Be7 43. Rxa5 Ke6 {[%mdl 32768] Precision: White = 77%, Black = 28%. . An unexpected result.} 1/2-1/2

[Event "1st Gujarat GM Open 2018"]
[Site "Ahmedabad"]
[Date "2018.10.11"]
[Round "9"]
[White "Swati Ghate"]
[Black "Jay Kundaliya"]
[Result "*"]
[WhiteElo "2215"]
[BlackElo "2047"]
[Annotator "TA"]
[PlyCount "32"]
[EventDate "2018.10.05"]
[EventType "swiss"]
[EventCountry "IND"]
[SourceTitle "playchess.com"]
[Source "ChessBase"]
[SourceQuality "1"]

{[%evp 9,32,6,11,4,20,20,23,8,20,-16,-24,-26,-45,-64,-16,-164,-138,-154,-140,-172,-164,-170,-156,-148,-114]} 1. b3 d5 2. Bb2 Bf5 3. g3 e6 4. Bg2 Nf6 5. d3 Be7 6. Nd2 {A01: Nimzowitsch-Larsen Opening} h6 (6... O-O 7. e4 Bg6 8. Nh3 h6 9. O-O Bh7 10. Kh1 a5 {0-1 (63) Rapport,R (2698)-Grischuk,A (2750) chess.com INT 2017}) 7. e4 Bh7 8. Qe2 {White has an edge.} O-O 9. h4 $146 ({Predecessor:} 9. Ngf3 a5 10. a3 c5 11. a4 Na6 12. O-O Nb4 {1-0 (69) Bezold,M (2520)-Braeuer,F (2319) Austria 2015}) 9... Nc6 {[%cal Bb8c6,Bc6b4,Bb4c2][%mdl 32]} 10. e5 Nd7 11. Ndf3 f6 12. d4 (12. exf6 $11 {and White has nothing to worry.} Bxf6 13. Qxe6+ Kh8 14. O-O-O) 12... Nb4 {Black is clearly better.} 13. Kf1 Nxc2 14. Rd1 {[#]} fxe5 $1 15. dxe5 Nc5 16. Nh3 Nb4 {Precision: White = 53%, Black = 68%.} *

[Event "1st Gujarat GM Open 2018"]
[Site "Ahmedabad"]
[Date "2018.10.11"]
[Round "9"]
[White "Nandhidhaa, P V"]
[Black "Thipsay, Bagyashree Sathe"]
[Result "1-0"]
[WhiteElo "2212"]
[BlackElo "2021"]
[Annotator "TA"]
[PlyCount "65"]
[EventDate "2018.10.05"]
[EventType "swiss"]
[EventCountry "IND"]
[SourceTitle "playchess.com"]
[Source "ChessBase"]
[SourceQuality "1"]

{[%evp 20,65,24,24,17,21,40,18,68,68,95,78,145,129,143,75,206,211,216,247,321,312,219,96,90,-3,51,39,239,199,150,99,141,0,169,203,302,287,409,324,525,507,487,497,653,638,5731,5790]} 1. e4 c6 2. Nc3 d5 3. Nf3 Bg4 4. h3 Bxf3 5. Qxf3 Nf6 6. g3 e6 7. Bg2 dxe4 8. Qe2 {B11: Caro-Kann: Two Knights Variation} Nbd7 9. Nxe4 Nxe4 10. Bxe4 (10. Qxe4 g6 11. O-O Bg7 12. d4 O-O 13. Rd1 a5 14. a4 Nf6 15. Qe2 Nd5 {½-½ (25) McShane,L (2671)-Anand,V (2811) London 2011}) 10... Nf6 11. Bg2 {LiveBook: 7 Games} Bd6 12. O-O h5 $146 ({Predecessor:} 12... Qb6 13. d3 O-O 14. a4 a5 15. Be3 Qxb2 {0-1 (40) Medvegy,Z (2295)-Turov,M (2425) Budapest 1997}) 13. h4 Qc7 14. d4 O-O-O 15. Bg5 Rde8 (15... Kb8 $142) 16. c4 $16 Qd7 17. Qc2 (17. Rfd1 $142) 17... Kb8 (17... Ng4 $16) 18. b4 $18 Ng4 19. c5 Bc7 {[#]} 20. b5 $1 {[%mdl 512]} cxb5 21. c6 (21. Rab1 $18 {has better winning chances.}) 21... Qxd4 $16 {[#]} 22. Rad1 (22. Rab1 $1 $16) 22... Qb6 ({Black should play} 22... Qa4 $11 23. Qxa4 bxa4) 23. Rd7 $1 $36 {[%mdl 3072] White has compensation. White is more active.} Ne5 $2 (23... f6 $1 $14 24. Bf4 e5) 24. Be3 $18 Qa5 25. a4 (25. Rb1 $142) 25... b4 ({Much weaker is} 25... Nxd7 $6 26. cxd7 Rd8 27. Qe4 $14) ({Avoid the trap} 25... bxa4 $2 26. Bd2 $18) (25... bxc6 {[#]} 26. axb5 $1 {[%mdl 512]} Kc8 27. Rd2) 26. Rd4 (26. Rb1 $16) 26... Nxc6 $2 ({Don't go for} 26... bxc6 $2 27. f4 $18) (26... Bb6 $11 {and Black stays safe.} 27. cxb7 Ng4) 27. Rc4 Qa6 (27... Rd8 {might work better.}) 28. Rb1 Ba5 (28... Rc8 $142) 29. Bxc6 bxc6 $2 (29... Rc8) 30. Rxc6 {White is clearly winning.} Qb7 31. Qc5 Bb6 32. Qd6+ Bc7 {[#]} 33. Bxa7+ $1 {[%mdl 512] Precision: White = 64%, Black = 17%.} 1-0

[Event "1st Gujarat GM Open 2018"]
[Site "Ahmedabad"]
[Date "2018.10.11"]
[Round "9"]
[White "Surendran N"]
[Black "Suvradeepta, Das"]
[Result "1-0"]
[WhiteElo "2210"]
[BlackElo "2005"]
[Annotator "TA"]
[PlyCount "49"]
[EventDate "2018.10.05"]
[EventType "swiss"]
[EventCountry "IND"]
[SourceTitle "playchess.com"]
[Source "ChessBase"]
[SourceQuality "1"]

{[%evp 9,49,76,86,89,146,63,120,112,106,116,131,117,168,178,187,187,201,191,351,354,371,360,377,315,309,303,311,332,459,458,491,343,306,270,245,229,364,406,505,502,455,472]} 1. d4 d5 2. Nf3 Nf6 3. c4 c5 4. cxd5 Nxd5 5. e4 (5. dxc5 e6 6. e4 Nb4 7. Qa4+ N4c6 {0-1 (7) Williams,S (2282)-Melander,B (2252) ICCF email 2009}) 5... Nb6 6. d5 {D06: Damengambit (Seltene Züge)} Bg4 (6... e6 $142) 7. Be3 $146 (7. h3 $16 Bxf3 8. Qxf3) ({Vorgänger:} 7. Nc3 e5 8. Be3 N8d7 9. Be2 Bd6 10. Rc1 Nc8 11. O-O O-O 12. Nb5 b6 13. a4 {1-0 (27) Jordan,W-Flitney,A Melbourne 1982}) 7... N8d7 (7... e6 $14) 8. a4 $16 {[%cal Ba2a4,Ba4a5][%mdl 32] Weiß steht besser.} g6 9. a5 Nc8 10. Qb3 Bg7 {[#]} (10... Bxf3 $16 {ist wohl besser.} 11. gxf3 Nd6) 11. Nfd2 $1 $18 {Und weiter mit h3 wäre nett.} (11. Qxb7 Nd6 $17) 11... f5 12. f3 $36 {[%mdl 2048] Weiss hat starke Initiative.} (12. Qxb7 Nd6 $15) 12... Bh5 13. Be2 {Droht g4 und aus.} (13. Qxb7 Rb8 $15) 13... h6 $2 (13... O-O {kämpft weiter.} 14. g4 f4) 14. g4 ({Nicht} 14. Qxb7 Nd6 $14) 14... f4 15. Bxf4 (15. gxh5 fxe3 16. Nc4 (16. Qxe3 Bxb2 17. Ra4 Bd4 $11) 16... g5 $14) 15... g5 16. Bg3 (16. gxh5 gxf4 17. Nc3 (17. Qxb7 Nd6 $11) 17... Nd6 $16) 16... Bf7 17. Nc4 ({Schwächer ist} 17. Qxb7 Nd6 $18) 17... O-O 18. Nc3 e6 19. Qxb7 Ne7 20. Rd1 exd5 21. exd5 Ng6 22. Bc7 Qe8 (22... Bxc3+ $142 23. bxc3 Qf6) 23. Nd6 Qe3 {[#] ...Sf4 ist eine echte Drohung.} 24. Nf5 Bxc3+ 25. Kf1 {Precision: Weiß = 72%, Schwarz = 31%.} 1-0

[Event "1st Gujarat GM Open 2018"]
[Site "Ahmedabad"]
[Date "2018.10.11"]
[Round "9"]
[White "Niraj, Saripalli"]
[Black "Sahoo, Utkal Ranjan"]
[Result "0-1"]
[WhiteElo "2206"]
[BlackElo "2332"]
[Annotator "TA"]
[PlyCount "72"]
[EventDate "2018.10.05"]
[EventType "swiss"]
[EventCountry "IND"]
[SourceTitle "playchess.com"]
[Source "ChessBase"]
[SourceQuality "1"]

{[%evp 35,72,62,85,50,54,51,63,16,36,22,20,28,24,8,19,20,35,0,0,0,0,0,0,-449,-448,-678,-729,-1749,-1290,-1647,-1603,-1581,-1492,-1194,-925,-1852,-930,-2429,-2335]} 1. e4 e5 2. Nf3 Nc6 3. d4 exd4 4. Bc4 Nf6 5. e5 d5 6. Bb5 Ne4 7. Nxd4 Bd7 8. Bxc6 bxc6 9. O-O Bc5 10. f3 Ng5 11. f4 Ne4 12. Be3 {[%cal Bc1e3,Be3f2,Bf2h4][%mdl 32]} Bb6 13. Nd2 c5 14. N4f3 Nxd2 15. Qxd2 d4 {C56: Two Knights: 4 d4 exd4 5 0-0 Nxe4} 16. Bf2 Bc6 17. Bh4 (17. a4 a5 18. f5 Qd5 19. Qg5 h6 20. Qxg7 O-O-O 21. Qf6 Rhg8 22. Bg3 c4 23. Kh1 {0-1 (38) Jones,G (2661)-L'Ami,E (2618) Wolvega 2014}) 17... Qd5 18. f5 Kd7 {[%cal Be8d7,Bd7c8,Bc8b7][%mdl 32] LiveBook: 3 Games} 19. e6+ Kc8 20. exf7 {f6 is the strong threat.} Qxf7 $146 ({Predecessor:} 20... Kb7 21. Qg5 Rhf8 22. a4 a5 23. Rae1 {0-1 (33) Westerberg,J (2412)-Belyakov,B (2456) Pardubice 2014}) 21. a4 {[#] Hoping for Ne5.} a5 22. Ne5 Qd5 $1 {[%cal Rd5e5]} 23. Nxc6 Qxc6 24. c4 Kb7 25. b3 Rae8 26. Rae1 Qd7 27. Qd3 c6 28. f6 gxf6 29. Rxf6 $2 {[%mdl 8192] [#]} (29. Bxf6 $11 Rhf8 30. Rxe8 Rxe8 31. Bg5) 29... Bd8 $19 {Black is clearly winning.} 30. Rh6 (30. Ref1 $142 Bxf6 31. Rxf6) 30... Bxh4 31. Rxe8 Qxe8 32. g3 Bg5 33. Rxh7+ Rxh7 34. Qxh7+ Qe7 35. Qf5 Qe3+ 36. Kg2 Bd8 {Precision: White = 29%, Black = 92%.} 0-1